000 00539nam a2200205 a 4500
001 BRL_544
005 20190320210808.0
008 020913c1992----sp-a######---#000-0#spa-#
020 _a8476095341
041 _aspa
044 _asp
050 4 _aAM65.A3
_b.M87 1992
245 1 0 _aLos museos de Barcelona
_bGuía.
260 _aBarcelona, España
_bAjuntamet de Barcelona
_c1992
300 _a106 p.
_bil.
_c21 cm.
500 _aAu562
650 1 4 _aMuseos
_vGuía de viajeros
_zBarcelona, España
_924258
902 _aGRL
942 _2lcc
_cB
999 _c9356
_d9356